PRACTICAL BIOCHEMISTRY (Record no. 10070)

MARC details
000 -LEADER
fixed length control field 00337nam a22001457a 4500
003 - CONTROL NUMBER IDENTIFIER
control field SGT
020 ## - INTERNATIONAL STANDARD BOOK NUMBER
International Standard Book Number 978-81-239-2230-0
082 ## - DEWEY DECIMAL CLASSIFICATION NUMBER
Classification number 615.015
Item number P13G
100 ## - MAIN ENTRY--PERSONAL NAME
Personal name GUPTA, R.C & BHARGAVA.S
245 ## - TITLE STATEMENT
Title PRACTICAL BIOCHEMISTRY
260 ## - PUBLICATION, DISTRIBUTION, ETC. (IMPRINT)
Place of publication, distribution, etc NEW DELHI
Name of publisher, distributor, etc CBS PUBLISHER
Year of Publication 2013
300 ## - PAGE DESCRIPTION
No. of Pages 245
650 ## - SUBJECT ADDED ENTRY--TOPICAL TERM
Topical term or geographic name as entry element BIOCHEMISTRY
942 ## - ADDED ENTRY ELEMENTS (KOHA)
Source of classification or shelving scheme Dewey Decimal Classification
Koha item type Books
942 ## - ADDED ENTRY ELEMENTS (KOHA)
-- 3
Holdings
Withdrawn status Lost status Source of classification or shelving scheme Damaged status Not for loan Collection code Home library Current library Shelving location Date acquired Vendor Name SGTU Total Checkouts Full call number Accession No. (Barcode) Date last seen Date last borrowed Bill Date Koha item type
    Dewey Decimal Classification     PHARMACY SGT FA-FP Library SGT FA-FP Library Text Book 30/11/2016 CBS PUBLISHER SGTU 4 615.015 P13G FP2002 11/02/2025 07/02/2025 30/11/2016 Books